01103nam a2200289 a 450000100060000000300080000600500170001400800410003102000450007202000220011703500190013904000270015804100080018508200250019324501240021825000120034226000560035430000350041050400540044565000240049970000450052370000280056870000330059694200120062999900170064195201550065857555BD-RjUL20211209080527.0941207s1995 caua b 000 0 eng  a0803971966 (alk. paper : acidfree paper) a0803971974 (pbk.) a(BD-RjUL)57679 aDLCcDLCdBD-RjULbeng aeng00a302.23223bQUE 199500aQuestioning the media :ba critical introduction /cedited by John Downing, Ali Mohammadi, Annabelle Sreberny-Mohammadi a2nd ed. aThousand Oaks, Calif. :bSage Publications,cc1995. axxix, 511 p. :bill. ;c24 cm. aIncludes bibliographical references (p. 494-506). 0aMass media.91708541 aDowning, Johnq(John Derek Hall)91709111 aMohammadi, Ali.91709121 aSreberny, Annabelle.9170913 2ddccBK c57555d57555 00102ddc40718NFICaRUCLbRUCLcReadingd2003-07-24eDhaka, Ankur Prakashanig2057.00l0o302.23 QUE 1995r2016-12-10 00:00:00tC-1w2016-12-10yBK